Shakespeare / (Record no. 186773)
[ view plain ]
| 000 -LEADER | |
|---|---|
| fixed length control field | 01020 a2200169 4500 |
| 003 - CONTROL NUMBER IDENTIFIER | |
| control field | Nust |
| 005 - DATE AND TIME OF LATEST TRANSACTION | |
| control field | 20230124143413.0 |
| 040 ## - CATALOGING SOURCE | |
| Transcribing agency | Nust |
| 082 ## - DEWEY DECIMAL CLASSIFICATION NUMBER | |
| Classification number | 809.9,DOR |
| 100 ## - MAIN ENTRY--PERSONAL NAME | |
| Personal name | Doren,Mark Van |
| 9 (RLIN) | 107533 |
| 245 ## - TITLE STATEMENT | |
| Title | Shakespeare / |
| Statement of responsibility, etc. | Mark Van Doren |
| 260 ## - PUBLICATION, DISTRIBUTION, ETC. | |
| Place of publication, distribution, etc. | London |
| Name of publisher, distributor, etc. | George Allen |
| 300 ## - PHYSICAL DESCRIPTION | |
| Extent | 344:p |
| 505 ## - FORMATTED CONTENTS NOTE | |
| Formatted contents note | Introduction (Page-1), Poems (Page-7), Henry (Page-17), Richard (Page-28), Titus Andronicus (Page-38), The Comedy of Errors (Page-44), The Taming of The Shrew (Page-48), The Two Gentleman o f Verona (Page-53), Romeo and Juliet (Page-65), A Midsummer Night (Page-76), The Merchant of Venice (Page-96), King John (Page-106), The Merry Wives of Windsor (Page-136), As You Like It (Page-151), Twelfth Night (Page-161), Julius and Cressida (Page-202), Measure for Measure (Page-217), Othello (Page-225), King Lear (Page-238), Antony and Cleopatra (Page-267), Coriolanus (Page-282), Cymbeline (Page-303), The Winter Tale (Page-313), The Tempest (Page-322). |
| 650 ## - SUBJECT ADDED ENTRY--TOPICAL TERM | |
| Topical term or geographic name entry element | Shakespeare |
| 9 (RLIN) | 58357 |
| 942 ## - ADDED ENTRY ELEMENTS (KOHA) | |
| Source of classification or shelving scheme | |
| Koha item type | Book |
| Withdrawn status | Lost status | Source of classification or shelving scheme | Damaged status | Not for loan | Permanent Location | Current Location | Shelving location | Date acquired | Full call number | Barcode | Date last seen | Price effective from | Koha item type | Public note |
|---|---|---|---|---|---|---|---|---|---|---|---|---|---|---|
| Military College of Signals (MCS) | Military College of Signals (MCS) | General Stacks | 12/12/2016 | 809.9,DOR | MCS29653 | 12/08/2016 | 12/12/2016 | Book | Almirah No.57, Shelf No.4 |
